000 00914 a2200217 4500
003 Nust
005 20230904113823.0
010 _a 98009286
020 _c0890068704 (alk. paper)
040 _cNust
082 0 0 _a621.3981,HIG
100 1 _aHigginbottom, Gary N.,
_999228
245 1 0 _aPerformance evaluation of communication networks /
_cGary N. Higginbottom.
260 _aBoston :
_bArtech House,
_cc1998.
300 _axii, 366 p. :
_bill. ;
_c24 cm.
440 4 _aThe Artech House telecommunications library
_994200
505 _aIntroduction (Page-1), Communications Networks and Protocols (Page-11), Mathematical Analysis (Page-41), Computer Simulation (Page-95), Event Graphs for Simulation (Page-155), Markov Analysis (Page-179), LANS (Page-237), WANS (Page-291).
650 0 _aComputer networks
_xEvaluation.
_999229
650 0 _aTelecommunication systems
_xEvaluation.
_999230
942 _cREF
_2ddc
999 _c174781
_d174781